| 000 | 00706nam a22001937a 4500 | ||
|---|---|---|---|
| 005 | 20251108170954.0 | ||
| 008 | 250721s1995 xx 000 0 ara d | ||
| 082 | 1 | 4 | _a575.1/سان |
| 100 | 1 | _aسانتور، ام اي | |
| 245 | 1 | 0 |
_aالوراثة و مستقبل الإنسان : _bالمضامين الأخلاقية و القانونية و الإجتماعية للهندسة الوراثية / |
| 264 | 1 |
_aطرابلس : _bجامعة عمر المختار، _c1995. |
|
| 300 | _a228ص. | ||
| 650 | 1 | 7 | _aعلم الوراثة |
| 650 | 1 | 7 | _aالهندسة الوراثية |
| 650 | 1 | 7 | _aالأخلاق |
| 700 | 1 |
_aمنخي، زيد شهاب _eترجمة |
|
| 942 |
_2ddc _cBK |
||
| 999 |
_c53387 _d53387 |
||